000 00614nam a22001457a 4500
020 _a1-8651-5860-7
082 _a823
_bBLY/B
100 _aENID BLYTON
245 _aBILLY-BOB TALES
260 _aGREAT BRITIAN
_bHINKLER BOOKS PTY LTD
_c2003
300 _a168
520 _aSIXTEEN EXCITING TALES ABOUT A DELIGHTFUL LITTLEBOY CALLED BILLY - BOB, HIS SMALL SISTER, BELINDA, AND HIS DOG, WAGS. AS WELL AS FLYING KITES, GOING TO PARTIES, AND HAVING PICNINCS, THEY ALSO HAVE SOME MORE SURPRISING ADVENTURES, LIKE RESCUING STRAYING SHEEP AND A LOSY KITTEN.
650 _aCHILDREN'S STORY BOOK
_zUNITED KINGDOM
942 _cBK
999 _c144
_d144